Theory and reality in public international law
Uloženo v:
| Hlavní autor: | |
|---|---|
| Médium: | Kniha |
| Jazyk: | angličtina |
| Vydáno: |
Princeton
Princeton University
1968
|
| Témata: | |
| Tagy: |
Přidat tag
Žádné tagy, Buďte první, kdo vytvoří štítek k tomuto záznamu!
|
MARC
| LEADER | 00000nam a2200000 a 4500 | ||
|---|---|---|---|
| 001 | UCO7531 | ||
| 003 | CL-VaPUC | ||
| 008 | 001117e19680000us |||||||||||||||||eng|d | ||
| 082 | 0 | 4 | |a 341 |b VIS |2 21 |
| 100 | 0 | |a Visscher, Charles de |e author |9 452067 | |
| 245 | 1 | 0 | |a Theory and reality in public international law |
| 300 | |a 527 p | ||
| 942 | |c BK | ||
| 945 | |d 20001117 00:00:00 |a lriquelm | ||
| 260 | |a Princeton |b Princeton University |c 1968 | ||
| 650 | 7 | |a DERECHO INTERNACIONAL PUBLICO |2 CL-VaPUC |9 452068 | |
| 650 | 0 | |a Relaciones Internacionales |9 255740 | |
| 650 | 7 | |a ESTADO MODERNO |2 CL-VaPUC |9 395321 | |
| 583 | |a last modification |c 20171205 02:25:11 |k Rodrigo Vera | ||
| 999 | |c 292445 |d 292443 | ||
| 952 | |0 0 |1 0 |4 0 |6 341_000000000000000_VIS_1968 |7 0 |8 A |9 343353 |a BIBHIS |b BIBHIS |d 2019-11-20 |i 1230344 |o 341 VIS 1968 |p 1230344 |r 2025-01-20 |w 2019-11-20 |y BK |k HIS | ||